000 00800cam a22002531 4500
001 agr35000394
003 DLC
005 20260227110954.0
008 780324s1935 dcuab b f000 0 eng c
010 _aagr35000394
035 _a(OCoLC)3746166
040 _aU.S. Dept. of Agr. Library
_cNGenoU
_dNGenoU
_dISS
_dDLC
043 _an-us-ak
050 0 0 _aQL155
_b.A4 no. 54
051 _aQL737.U5
_bM87
086 0 _aI 49.30:54
100 1 _aMurie, Olaus Johan,
_d1889-1963.
245 1 0 _aAlaska-Yukon caribou.
_cBy Olaus J. Murie.
260 _aWashington
_b[U.S. Govt. Print. Off.]
_c1935.
300 _a93 p.
_billus. 10 pl. on 6 l., maps (1 double)
_c23 cm.
490 0 _aU.S. Bureau of Biological Survey. North American fauna
_vno. 54
504 _aBibliography: p. 83-90.
650 0 _aCaribou.
999 _c9668
_d9668